01569nam a2200397 a 4500001001200000003000800012006001900020007001500039008004100054010001700095020002800112020003100140020002700171040002100198035002100219050002500240082001700265245006300282250008600345260006300431300003700494490002300531500003000554504005100584533015200635650005000787650004600837650003400883650002000917655002900937700002100966710001700987830002401004856012601028999001701154ebr10558819CaPaEBRm u cr cn|||||||||070601s2007 coua sb 001 0 eng d z 2007022961 z1583214917 (alk. paper) z9781583214916 (alk. paper) z9781613000335 (e-book) aCaPaEBRcCaPaEBR a(OCoLC)70793740114aTD442.5b.R48 2007eb04a628.1/6422200aReverse osmosis and nanofiltrationh[electronic resource]. a2nd ed. /b[Revision subcommitte members and authors, Robert Bergman ... et al.]. aDenver, Colo. :bAmerican Water Works Association,cc2007. axiv, 226 p. :bill. (some col.).1 aAWWA manual ;vM46 a"Science and technology." aIncludes bibliographical references and index. aElectronic reproduction.bPalo Alto, Calif. :cebrary,d2013.nAvailable via World Wide Web.nAccess may be limited to ebrary affiliated libraries. 0aWaterxPurificationxReverse osmosis process. 0aWaterxPurificationxMembrane filtration. 0aDrinking waterxPurification. 0aNanofiltration. 7aElectronic books.2local1 aBergman, Robert.2 aebrary, Inc. 0aAWWA manual ;vM46.40uhttp://site.ebrary.com/lib/rucke/Doc?id=10558819zAn electronic book accessible through the World Wide Web; click to view c88750d88750